El matrimonio, ese gran sacramento (Record no. 838388)
[ view plain ]
| 000 -CABECERA | |
|---|---|
| Campo de control de longitud fija | 00672nam a2200229 4500 |
| 001 - NÚMERO DE CONTROL | |
| Campo de control | VA62504 |
| 003 - IDENTIFICADOR DEL NÚMERO DE CONTROL | |
| Campo de control | ES-SlBCS |
| 005 - FECHA Y HORA DE LA ÚLTIMA TRANSACCIÓN | |
| Campo de control | 20210601161143.0 |
| 008 - CÓDIGOS DE INFORMACIÓN DE LONGITUD FIJA | |
| Campo de control de longitud fija | 140520s1963 xxu||||| |||| 00| 0 spa d |
| 017 ## - NÚMERO DE COPYRIGHT O DE DEPÓSITO LEGAL | |
| Número de copyright o de depósito legal | M-12128-1968 |
| 041 ## - CÓDIGO DE LENGUA | |
| Código de lengua del texto/banda sonora o título independiente | spa |
| 100 1# - PUNTO DE ACCESO PRINCIPAL-NOMBRE DE PERSONA | |
| Nombre de persona | Caffarel, Henri |
| 9 (RLIN) | 18776 |
| 245 10 - MENCIÓN DE TÍTULO | |
| Título | El matrimonio, ese gran sacramento |
| Mención de responsabilidad, etc. | Henri Caffarel; Santos Beguiristain |
| 260 ## - PUBLICACIÓN, DISTRIBUCIÓN, ETC... (PIE DE IMPRENTA) | |
| Lugar de publicación, distribución, etc. | Madrid : |
| Nombre del editor, distribuidor, etc. | Euramérica |
| Fecha de publicación, distribución, etc. | , 1963 |
| 300 ## - DESCRIPCIÓN FÍSICA | |
| Extensión | 261 p.; |
| Dimensiones | 18 cm |
| 490 0# - MENCIÓN DE SERIE | |
| Mención de serie | Matrimonio y Hogar |
| Designación de volumen o secuencia | 26 |
| 500 ## - NOTA GENERAL | |
| Nota general | Tít. orig.: Le mariage, ce grand sacrement |
| 650 04 - PUNTO DE ACCESO ADICIONAL DE MATERIA-TÉRMINO DE MATERIA | |
| Término de materia o nombre geográfico como elemento inicial | Matrimonio |
| 9 (RLIN) | 15731 |
| 700 1# - PUNTO DE ACCESO ADICIONAL-NOMBRE DE PERSONA | |
| Nombre de persona | Beguiristain, Santos |
| 9 (RLIN) | 4607 |
| 700 1# - PUNTO DE ACCESO ADICIONAL-NOMBRE DE PERSONA | |
| Nombre de persona | Aleu Benítez, José |
| 9 (RLIN) | 41454 |
| 942 ## - ENTRADA DE ELEMENTOS AGREGADOS (KOHA) | |
| Koha [por defecto] tipo de item | Libros |
| Suprimido | Perdido | Estropeado | No para préstamo | Localización permanente | Localización actual | Localización en estantería | Fecha adquisición | Préstamos totales | Signatura completa | Número de Registro / Código de Barras | Fecha última consulta | Fecha del precio de reemplazo | Tipo de item de Koha |
|---|---|---|---|---|---|---|---|---|---|---|---|---|---|
| San Esteban | San Esteban | Valladolid | 11/07/2014 | 71/B7 | VA62504 | 11/07/2014 | 11/07/2014 | Libros |
